00923nam a2200277Ia 4500001000900000003000500009005001700014008004100031010001100072040000900083082002200092100002500114245006100139260004800200300001500248504002800263590001900291650003600310700003700346901002200383902000600405905006300411942001500474999001900489952013700508dia_2153CHAP20251027140106.0220117s1968 xx 000 0 und d a172695 cCHAP a637.1333 H35 1968 aHall, Carl W.952299 aMilk pasteurization /c Carl W. Hall y G. Malcolm Trout aEstados Unidos de América :b AVI,c1968 aix, 234 p. aIncluye bibliografías aSF259 H35 1968 aLechexPasteurización9148127 aTrout, G. Malcom, coaut.9152338 a637.1333 H35 1968 aM a5232271968 -usaimn8222223322eng16 cLIBRO2ddc c172695d172695 00102ddc4051708GRALaIA_bIA_eCompra Vale 293l1o637.1333 H35 1968pdia_000701r2024-05-15 00:00:00s2024-05-15tEj. 1yLIBRO